000 00304nam a22001457a 4500
008 210526b ||||| |||| 00| 0 eng d
020 _a0863160875
041 _aeng
080 _a7
082 _a7
100 _a44
101 _aART
245 _aPortraits and Dreams
_cWendy Ewald
942 _2udc
_cBK
999 _c57664
_d57664